Quizzes
Events
Quiz Creation
Community
Videos
Private Events
Remove Ads
Sign In
Join for FREE
Feedback
Dark Mode
Quiz Categories
Sports
Geography
Music
Movies
Television
Just For Fun
Miscellaneous
History
Literature
Language
Science
Gaming
Entertainment
Religion
Holiday
For Kids
Quiz Lab
Recent
Popular Today
Quiz Kudos Today
Editor Picks
Curator Picks
Quizzes by...
Day
Popularity
Type
Ratings
Length
Year
Community
Subscriptions
Recent Discussions
Orange Saloon
Badges
Playlists
Quests
Create
Leaderboards
Showdown
Live 5
Trivia Bingo
Activity
Puzzle Library
Sporcle Events
Private Events
Virtual Trivia
Globe League
Become a Host
Pub Owners
SporcleCon
Opinionation
Our Games
Videos
Blog
Mobile Apps
Partnerships
Remove Ads and Go Orange
Feedback
Sports
Athletes
MLB
NBA
NHL
NFL
Soccer
Sports Teams
WWE
NCAA
Football
Premier League
Basketball
Baseball
Hockey
Golf
Tennis
Cricket
Rugby
Auto Racing
Olympics
World Cup
Sports
Athletes
MLB
NBA
NHL
NFL
Soccer
Sports Teams
WWE
NCAA
Football
Premier League
Basketball
Baseball
Hockey
Golf
Tennis
Cricket
Rugby
Auto Racing
Olympics
World Cup
Random Quiz
Search Sporcle
×
Quiz Lab
Quiz Lab
Sports
Juventus
Type in answers that appear in a list
Type in answers that appear in a list
Classic
Best Score? Go Orange.
Roberto Baggio Finals Stats
Can you name the Roberto Baggio Finals?
By
NankerPhelge62
6m
11 Questions
357 Plays
357 Plays
357 Plays
Comments
Comments
Give Quiz Kudos
Give Quiz Kudos
-
- Ratings
hide this ad
Replay
Link that replays current quiz
Next Quiz
Link to next quiz in quiz playlist
You Got
0%
They Got
Avg Score
72%
Avg Friend Score
Upgrade to see
Score Distribution
Jump to the score distribution portion of the page
Score
0/11
Timer
06:00
0
Plays Today
Hint
Answer
% Correct
World Cup 1994 with Italy
Brazil
93.8%
Coppa Italia 2000 with Inter
Lazio
87.1%
Coppa Italia 1992 with Juventus
Parma AC
86%
UEFA Cup 1995 with Juventus
Parma AC
86%
Coppa Italia 1995 with Juventus
Parma AC
86%
Spareggio CL 2000 with Inter
Parma AC
86%
UEFA Cup 1990 with Fiorentina
Juventus FC
81.5%
Supercoppa 1990 with Juventus
SSC Napoli
71.3%
UEFA Cup 1993 with Juventus
Borussia Dortmund
50.8%
US Cup 1992 with Italy
USA
39.9%
Intertoto Cup 2001 with Brescia
Paris SG
27.2%
Quiz Playlist
Details
Report
Send in Message
Add To Playlist
Classic:
Type in answers that appear in a list
Last Updated: Mar 7, 2017
Quiz Scoreboard
CHALLENGE
Sign Up to Join the Scoreboard
Show All
Scores
Hide
Comments
May contain spoilers
Recently Published
1-10 Letter E Words III
by El_Dandy
Language
2m
One Thing in Common: World Cities II
by knightlancer
Geography
7m
Popular People in 1961
by mucciniale
History
6m
More to Explore
Quiz From the Vault
Featured Blog Post
Where Did the Easter Bunny Come From?
hide this ad
You Might Also Like...
Tags
AC Milan
Inter Milan
Juventus
Today's Top Quizzes in Sports
Browse Sports
hide this ad
Today's Top Quizzes in Juventus
Browse Juventus
Top Contributed Quizzes in Sports
1
Les meilleurs buteurs des matchs entre le PSG et l’OM
2
Les entraîneurs de l'OM et du PSG au 21e siècle
3
2022 World Cup Stars
4
FIFA Club World Cup Champions
5
Name the Premier League winners with different clubs
6
La finale Lions - Afrique du Sud 2021
7
Criteria MLB: Left Handed Sluggers
8
Players with Multiple 50 Home Run Seasons
9
MLB Players with Two .350 Batting Average Seasons
10
MLB Hall of Famer by Rings
Explore More
Trending Topics
Marvel
NBA
Crossword
Anime
Disney
Kpop
Harry Potter
Soccer
Puzzle
WWE
Song
Pokémon
Country
NFL
The Office
hide this ad
More By:
NankerPhelge62
Quiz
Plays
Rating
Category
Featured
Created
2016 NBA Finals Statistical Leaders
8,391
4.24
Sports
Jun 20, 2016
Half Season Champions
8,212
4.74
Sports
Dec 28, 2016
Who wants to be a millionaire?
7,009
4.67
Miscellaneous
Sep 28, 2016
2015-2016 NBA Western Conference Standings
6,941
5.00
Sports
Oct 14, 2016
2015-2016 NBA Eastern Conference Standings
6,307
2.57
Sports
Oct 14, 2016
Go to Creator's Profile
Score Distribution
Quiz Creator Spotlight
NankerPhelge62
Follow
Send a Message
Quizzes Created
-
Created Quiz Play Count
-
More By This Creator
Popular Quizzes Today
1
Find the US States - No Outlines Minefield
2
The Countries of the World
3
Find the Countries of Europe - No Outlines Minefield
4
Popular People in 1961
5
1-10 Letter E Words III
6
Find the US States
7
One Thing in Common: World Cities II
8
US States
More Sports Quizzes
Find the New York Team Logos
Curator's Pick
Trending Quizzes
Risky Map Clicking: Least Populous States A-Z
1-10 Letter F Words
1-10 Letter G Words
One Thing in Common: United Kingdom
Risky Map Clicking: Next State Alphabetically
Recently Updated
Leaping Animals
pecheneg
Reality TV Shows (A-Z)
bhenderson79
Rickey Henderson's Hall of Fame Teammates
pecheneg
Champions League XIs: Arsenal
pecheneg
Quick Pick: Celebrities in WWE's Hall of Fame
aduchscher
A-Z Keypad Blitz II
pecheneg
Multiple Oscar Actors
pecheneg
Mystery Phrase Blitz: Oscar 'Best Actors'
pecheneg
F. Scott Fitzgerald Novels
LTH
Pick 3 Villains
ddd62291
Trending Topics
Kpop
Marvel
Anime
Harry Potter
NBA
Crossword
Disney
WWE
Song
The Office
Puzzle
Country
Soccer
NFL
Pokémon
Your Account Isn't Verified!
In order to create a playlist on Sporcle, you need to verify the email address you used during registration. Go to your
Sporcle Settings
to finish the process.
Report this User
Report this user for behavior that violates our
Community Guidelines
.
Details:
Send Report
Go to the Sporcle.com Mobile Site →
Comments